000 00515nam a22001932 4500
001 0000003298
005 20170406114916.0
008 140609s xx 000 0 eng d
020 _c$
040 _aYour Holding Symbol
_cYour Holding Symbol
100 1 _aBazzi,Maria.
245 1 4 _aThe artist's methods and materials.
250 _a ed.
260 _alondon :
_bAlbemarle,
_c1960.
300 _a228 p. :
_bill ;
_c cm.
504 _aindex.
650 0 _aartist methods.
908 _a140609
999 _c3177
_d3177